| 000 | 00414nam a2200157 a 4500 | ||
|---|---|---|---|
| 001 | 000040071 | ||
| 005 | 20201002033912.0 | ||
| 008 | 130805s1971 enka r 001 0 eng d | ||
| 040 |
_aDO-SdBNP _bspa _cBNPHU |
||
| 082 |
_axxxx _bxxxx |
||
| 245 | 0 | 0 | _aAmphibians and reptiles. |
| 260 |
_aEngland : _bBoard, _c1971. |
||
| 300 |
_a60 p. : _bil. ; _c22 cm. |
||
| 500 | _aIncluye índice | ||
| 590 | _aInventariado, 2019/BT | ||
| 999 |
_c39561 _d39561 |
||